000 00321 a2200097 4500
082 _a624.25 ENG
100 _aEngland,George L.
245 _aIntegral Bridges : a fundamental approach to the time temprature loading problem /
_cG.L.England
260 _aLondon :
_cThomas Telford,
_b2000
300 _a152p. :
_bill . ;
_c29cm
650 _aBridge Engineering
999 _c1458
_d1458